Economics / (Record no. 1240)

MARC details
000 -LEADER
fixed length control field 00501pam a2200193 4500
001 - CONTROL NUMBER
control field 1652
003 - CONTROL NUMBER IDENTIFIER
control field OCoLC
005 - DATE AND TIME OF LATEST TRANSACTION
control field 20181127163733.0
008 - FIXED-LENGTH DATA ELEMENTS--GENERAL INFORMATION
fixed length control field 000320s2001 at a 001 0 eng
010 ## - LIBRARY OF CONGRESS CONTROL NUMBER
LC control number 00036551
020 ## - INTERNATIONAL STANDARD BOOK NUMBER
International Standard Book Number 0324017456
100 1# - MAIN ENTRY--PERSONAL NAME
Personal name Arnold, Roger A.
245 10 - TITLE STATEMENT
Title Economics /
Statement of responsibility, etc. Roger A. Arnold.
250 ## - EDITION STATEMENT
Edition statement 5th ed.
260 ## - PUBLICATION, DISTRIBUTION, ETC.
Place of publication, distribution, etc. Australia :
Name of publisher, distributor, etc. South-Western College Pub.,
Date of publication, distribution, etc. c2001.
300 ## - PHYSICAL DESCRIPTION
Extent xxxix, 864 p. :
Other physical details col. ill. ;
Dimensions 26 cm.
500 ## - GENERAL NOTE
General note Includes index.
650 #0 - SUBJECT ADDED ENTRY--TOPICAL TERM
Topical term or geographic name entry element Economics.
Holdings
Withdrawn status Lost status Source of classification or shelving scheme Damaged status Not for loan Collection code Home library Current library Shelving location Serial Enumeration / chronology Inventory number Total Checkouts Full call number Barcode Date last seen Price effective from Koha item type
    Dewey Decimal Classification     Main TEST RTC Library RTC Library Main opac 2934   330 ARN 30000595 27/11/2018 27/11/2018 Main
Royal Thimphu College || All Right Reserved